Sociálne plánovanie

Salvato in:
Dettagli Bibliografici
Autore principale: Mihalik, Jozef
Ente Autore: Vysoká škola ekonomická v Bratislave. Národohospodárska fakulta
Natura: Libro
Lingua:slovacco
Pubblicazione: Bratislava Vysoká škola ekonomická v Bratislave 1979
Tags: Aggiungi Tag
Nessun Tag, puoi essere il primo ad aggiungerne!!

MARC

LEADER 00000nam a2200000 4500
001 0215521
005 20230116122819.2
041 0 |a slo 
044 |a SK 
245 1 0 |a Sociálne plánovanie  |c Jozef Mihalik 
264 1 |a Bratislava  |b Vysoká škola ekonomická v Bratislave  |c 1979 
300 |a 173 s. 
100 1 |a Mihalik, Jozef 
710 2 |a Vysoká škola ekonomická v Bratislave. Národohospodárska fakulta